Najlepsze kluby piłkarskie z powiatów województwa śląskiego - Statystyki

Ogólne statystyki
  • Ten quiz został rozwiązany 104 razy
  • Średni wynik to 12 z 34
Statystyki odpowiedzi
Powiat Klub % Poprawnych
Katowice GKS Katowice
86%
Chorzów Ruch Chorzów
86%
Bielsko-Biała Podbeskidzie
82%
Zabrze Górnik Zabrze
81%
Gliwice Piast Gliwice
81%
Bytom Polonia Bytom
81%
Częstochowa Raków Częstochowa
80%
Sosnowiec Zagłębie Sosnowiec
80%
Tychy GKS Tychy
78%
Rybnik ROW Rybnik
68%
Jastrzębie-Zdrój GKS Jastrzębie
59%
Wodzisławski Odra Wodzisław
54%
Jaworzno Szczakowianka Jaworzno
34%
Tarnogórski Gwarek Tarnowskie Góry
29%
Raciborski Unia Racibórz
29%
Dąbrowa Górnicza Unia Dąbrowa Górnicza
21%
Myszkowski MKS Myszków
20%
Gliwicki Concordia Knurów
18%
Pszczyński LKS Goczałkowice Zdrój
13%
Ruda Śląska Slavia Ruda Śląska
13%
Cieszyński Kuźnia Ustroń
11%
Bieruńsko-Lędziński MKS Lędziny
11%
Żory MKS Żory
11%
Będziński Przemsza Siewierz
9%
Kłobucki Znicz Klobuck
8%
Mikołowski Gwarek Ornontowice
7%
Mysłowice Unia Kosztowy
6%
Siemianowice Śląskie Śląsk Świętochłowice
5%
Częstochowski Unia Rędziny
4%
Rybnicki Forteca Świerklany
1%
Bielski LKS Czaniec
1%
Żywiecki GKS Radziechhowy-Wieprz
0%
Lubliniecki MLKS Woźniki
0%
Piekary Śląskie Orzeł Brzeziny
0%
Nie znaleziono quizów pasujących do podanych kryteriów
Rozkład punktacji
Procent ludzi z każdym wynikiem
Percentyl według liczby udzielonych odpowiedzi
Twoja historia wyników
Nie rozwiązałeś tego quizu